Responses for Show #1519 - Thursday, March 21, 1991

Game entered from audiorecording. Missing prizes.

Contestants

[<< previous game]

Peggy O'Toole, an actress and secretary from New York City, New York

Ed Guz, a business manager from Howell, New Jersey

Deborah Bedell, an executive recruiter from Greenwich, Connecticut (whose 1-day cash winnings total $7,500)

[next game >>]

Jeopardy! Round responses

EXPLORERS
CLICHES
U.S. STATES
BUSINESS & INDUSTRY
"C" FOOD
THE DONNA REED SHOW
    $100 5
Stanley

Peggy
    $100 9
a rat

Deborah
    $100 13
Florida

Peggy
    $100 1
General Motors

Deborah
    $100 3
(Ed: What is cone?)

carob

DeborahEd
    $100 16
Hilldale

Ed
    $200 11
Columbus

Ed
    $200 17
the ring

Peggy
    $200 14
Idaho

Deborah
    $200 2
Aeroflot

Peggy
    $200 6
Chateaubriand

Deborah
    $200 27
(Alex: [Before Deborah's wager] We have about a minute left.)

Shelley Fabares

Deborah
    $300 12
(Ed: Who is Cortes?)

Pizarro

EdPeggy
    $300 18
salt

Peggy
    $300 15
Alaska

Ed
    $300 4
digital audio tape

Ed
    $300 7
cauliflower

Peggy
    $300 28
Bob Crane

Deborah
    $400 21
Prince Henry the Navigator

Deborah
    $400 19
the roost

Peggy
    $400 25
(Ed: What is Arizona?)
(Peggy: What is New Mexico?)

Colorado

EdPeggy
Triple Stumper
    $400 23
Schilling

Triple Stumper
    $400 8
capon

Ed
    $400 29
Paul Peterson

Deborah
    $500 22
(Deborah: Who is Cabot?)
(Peggy: Who is Cartier?)

Samuel de Champlain

DeborahPeggy
Triple Stumper
    $500 20
let's get the show on the road

Deborah
    $500 26
Missouri

Deborah
    $500 24
the Tribune Company

Deborah
    $500 10
Camembert

Ed
    $500 30
a pediatrician

Ed

Scores at the first commercial break (after clue 15):

Deborah Ed Peggy
$700 $1,300 $1,000

Scores at the end of the Jeopardy! Round:

Deborah Ed Peggy
$3,000 $1,500 $1,000

Double Jeopardy! Round responses

FAMOUS QUOTES
FIRST FAMILIES
PLAYWRIGHTS
ASTRONOMY
POT LUCK
INTERNATIONAL PARKS
    $200 3
evil

Deborah
    $200 16
Barbara Bush

Deborah
    $200 1
Arthur Miller

Peggy
    $200 8
the Big Dipper

Deborah
    $200 18
tarot cards

Deborah
    $200 26
the Himalayas

Deborah
    $400 4
a gun

Ed
    $400 17
Tricia Nixon

Peggy
    $400 2
Sholem Aleichem

Deborah
    $400 9
galaxies

Peggy
    $400 19
Daniel Boone

Peggy
    $400 27
Israel

Deborah
    $600 5
War & Peace

Ed
    $600 23
James Buchanan

Triple Stumper
    $600 13
Ibsen

Deborah
    $600 10
the harvest moon

Peggy
    $600 20
(Ed: What is Trivial Pursuit?)
(Peggy: What is Monopoly?)

darts

EdPeggy
Triple Stumper
    $600 28
(Deborah: What is Australia?)

Greenland

DeborahEd
    $800 6
(Alex: The actual quote from King John is [*].)

paint the lily

Triple Stumper
    $800 24
Zachary Taylor

Triple Stumper
    $800 14
Ionesco

Peggy
    $800 11
Venus

Deborah
    $800 21
Princess Margaret

Deborah
    $400 29
(Ed: I have no idea.)
(Alex: Isla de Pascua, the Isle of Easter, or [*].)

Easter Island

Ed
    $1,000 7
(Ed: What is a law?)

pleasure dome

Ed
    $1000 25
(Alex: Teddy Roosevelt's brother.)

Elliott Roosevelt

Triple Stumper
    $1000 15
(Harold) Pinter

Deborah
    $1000 12
traveling away from us

Peggy
    $1000 22
(Ed: Who is Bolivar?)

Bernardo O'Higgins

Ed
Triple Stumper
    $1000 30
(Peggy: What is the Sahara?)

the Kalahari

DeborahPeggy

Scores at the end of the Double Jeopardy! Round:

Deborah Ed Peggy
$8,400 $100 $3,200
(lock game)

[wagering suggestions for these scores]

Final Jeopardy! Round responses

RIVERS
EdWhat is the Yukon?
$99
PeggyWhat is the Hudson River?
$2,900
DeborahWhat is the St. Lawrence?
$1,500
Yukon River or Columbia River

Final scores:

Deborah Ed Peggy
$6,900 $199 $300
2-day champion: $14,400 3rd place 2nd place

Game dynamics:

Coryat scores:

Deborah Ed Peggy
$8,400 $1,500 $3,200
24 R
(including 1 DD),
2 W
10 R,
7 W
(including 2 DDs)
15 R,
4 W

Combined Coryat: $13,100

[game clues] [game scores] [suggest correction]

Game tape date: 1991-01-29
The J! Archive is created by fans, for fans. Scraping, republication, monetization, and malicious use prohibited; this site may use cookies and collect identifying information. See terms. The Jeopardy! game show and all elements thereof, including but not limited to copyright and trademark thereto, are the property of Jeopardy Productions, Inc. and are protected under law. This website is not affiliated with, sponsored by, or operated by Jeopardy Productions, Inc. Join the discussion at JBoard.tv.